Scientific Groups of Things - Statistics

General Stats
  • This quiz has been taken 1,568 times
    1,250 since last reset
  • The average score is 42 of 60
Answer Stats
Answer % Correct
Autumn
97%
Hear
97%
Sight
97%
Spring
97%
Summer
97%
Touch
97%
Winter
97%
Earth
96%
Gas
95%
Jupiter
95%
Liquid
95%
Mars
95%
Saturn
95%
Smell
95%
Taste
95%
Venus
95%
Mercury
94%
Solid
94%
Uranus
94%
Neptune
93%
Neutron
91%
Proton
90%
Electron
88%
Rain
87%
Crust
85%
Snow
85%
Neon
83%
Plasma
80%
Helium
79%
Hail
77%
Mantle
76%
Animal
75%
Argon
75%
Xenon
73%
Igneous
72%
Plant
70%
Sedimentary
67%
Sleet
63%
Eubacteria
59%
Fungi
59%
Krypton
57%
Radon
57%
Inner Core
54%
Metamorphic
53%
Outer Core
53%
Hammer
50%
Lever
49%
Convection
46%
Anvil
44%
Pulley
44%
Wheel & Axle
43%
Conduction
42%
Radiation
41%
Stirrup
30%
Oganesson
23%
Screw
22%
Inclined Plane
21%
Archaebacteria
18%
Protista
18%
Wedge
17%
No matching quizzes found
Score Distribution
Percent of People with Each Score
Percentile by Number Answered
Your Score History
You have not taken this quiz since the last reset